Komíny /

Salvato in:
Dettagli Bibliografici
Autore principale: Jiřík, František (Autore)
Natura: Libro
Lingua:ceco
Pubblicazione: Praha: Grada, 2013
Edizione:4. prepracované vydanie
Serie:Profi & hobby
Soggetti:
Tags: Aggiungi Tag
Nessun Tag, puoi essere il primo ad aggiungerne!!

MARC

LEADER 00000nam a22000003a 4500
001 0066744
003 SK-STU
005 20180821105731.1
007 ta
008 180821s ----xo-----e------000-0-----d
020 |a 978-80-247-4567-1 
040 |a STU  |b slo 
041 0 |a cze  |h cze 
044 |a xr 
100 1 |a Jiřík, František  |4 aut 
245 1 0 |a Komíny /  |c aut. František Jiřík 
250 |a 4. prepracované vydanie 
260 |a Praha:  |b Grada,   |c 2013 
300 |a 128 s. 
490 0 |a Profi & hobby 
650 0 7 |a komíny 
650 0 7 |a dymovod 
650 0 7 |a údržba a opravy 
996 |c V* 52787/O-23944  |l VV25  |s P  |a 0  |w 0066744_0001